000 00393nam a2200157Ia 4500
008 231217s9999 xx 000 0 und d
020 _a8178815311
041 _aEnglish
082 _a658.05 JAY;1 R
100 _aJaya Krishna, S ed.
245 0 _aB2B integration : an introduction
260 _c2005
_bIcfai
_aHyderabad
300 _ax, 179
650 _aB2b,integration
942 _cAA
999 _c187435
_d187435